|
|
|
|
| LEADER |
00000cam a2200000 i 4500 |
| 001 |
1/47809 |
| 008 |
980703s1975####gr | ||| |||| ||gre|| |
| 035 |
|
|
|l 10043163
|
| 040 |
|
|
|a GR-MyUA
|b gre
|e AACR2
|
| 041 |
0 |
|
|a gre
|
| 082 |
0 |
|
|a 889.2
|
| 100 |
1 |
|
|a Καμπανέλλης, Ιάκωβος,
|d 1922-2011.
|
| 245 |
1 |
3 |
|a Το μεγάλο μας τσίρκο /
|c Ιάκωβου Καμπανέλλη ; [πρόλογος] Ιάκωβος Κουμάντος.
|
| 260 |
|
|
|a Αθήνα :
|b Ερμείας,
|c 1975.
|
| 300 |
|
|
|a 106 σ. :
|b εικ. ;
|c 20 εκ.
|
| 500 |
|
|
|a Το έργο ανέβηκε το καλοκαίρι του 1973.
|
| 650 |
0 |
0 |
|a Greek drama.
|
| 650 |
|
0 |
|a Greek drama, Modern.
|
| 852 |
|
|
|a INST
|b LESVOS
|e 20170908
|h 889.3 ΚΑΜ
|p 005100059986
|q 005100059986
|t BK
|y 0
|
| 852 |
|
|
|a INST
|b SAMOS
|e 19980703
|h 889.2 ΚΑΜ
|p 005300011021
|q 005300011021
|t BK
|y 0
|
| 901 |
|
|
|a BIBL-1998-2
|
| 909 |
|
|
|a Σ
|b 051289
|
| 922 |
|
|
|a 3ΕΛΗ
|b 199806
|c ΔΩΡ
|